[Event "Titled Tuesday intern op 09th Jan Early"]
[Site "Chess.com INT"]
[Date "2024.01.09"]
[Round "3"]
[White "Eugene, Floryan"]
[Black "Coelho, Ramyres Santana"]
[Result "1-0"]
[WhiteElo "2398"]
[BlackElo "1981"]
[PlyCount "77"]
[EventDate "2024.01.09"]
[EventType "swiss (blitz)"]
[EventRounds "11"]
[EventCountry "USA"]
[SourceTitle "CB03_2024"]
[SourceDate "2024.01.17"]
[SourceVersion "1"]
[SourceVersionDate "2024.01.17"]
[SourceQuality "1"]

1. d4 Nf6 2. Nc3 d6 3. Nf3 g6 4. g3 Bg7 5. Bg2 0-0 6. 0-0 Nc6 7. e4 e5 8. d5 Ne7 9. Nd2 Nd7 10. b4 a5 11. Ba3 axb4 12. Bxb4 f5 13. a4 f4 14. Nb5 b6 15. c4 Nf6 16. a5 bxa5 17. Bxa5 Rxa5 18. Rxa5 c6 19. Ra8 cxb5 20. cxb5 Qb6 21. Qb3 Bb7 22. Rxf8+ Bxf8 23. Nc4 Qc5 24. Rb1 fxg3 25. hxg3 Ng4 26. Rb2 Nc8 27. Bh3 h5 28. Bxg4 hxg4 29. b6 Bh6 30. Qb4 Qd4 31. Na5 Qd1+ 32. Kh2 Qf1 33. Nxb7 Bf4 34. Qb5 Qh3+ 35. Kg1 Bxg3 36. fxg3 Qxg3+ 37. Rg2 Qe1+ 38. Qf1 Qe2 39. Qxe2 1-0

[Event "Titled Tuesday intern op 26th Sep Late"]
[Site "Chess.com INT"]
[Date "2023.09.26"]
[Round "2"]
[White "Fier, Alexandr"]
[Black "Eugene, Floryan"]
[Result "1-0"]
[WhiteElo "2592"]
[BlackElo "2426"]
[PlyCount "69"]
[EventDate "2023.09.26"]
[EventType "swiss (blitz)"]
[EventRounds "11"]
[EventCountry "USA"]
[SourceTitle "EXT 2024"]
[Source "ChessBase"]
[SourceDate "2023.10.10"]
[SourceVersion "1"]
[SourceVersionDate "2023.10.10"]
[SourceQuality "1"]

1. e4 e5 2. f4 exf4 3. Nf3 d6 4. d4 g5 5. h4 g4 6. Ng5 h6 7. Nxf7 Kxf7 8. Bc4+ Ke8 9. Bxf4 Bg7 10. 0-0 Nc6 11. c3 Qxh4 12. Bf7+ Kd8 13. g3 Qe7 14. Qb3 Nf6 15. Na3 Na5 16. Qa4 Qxf7 17. Qxa5 b6 18. Qb5 Bd7 19. Qd3 Qe7 20. e5 Nd5 21. Qe4 Bc6 22. c4 Nb4 23. d5 Bb7 24. e6 Na6 25. Be3 Be5 26. Rf7 Qe8 27. Raf1 Nc5 28. Bxc5 bxc5 29. Nb5 Bd4+ 30. Kg2 Rc8 31. Rd7+ Qxd7 32. exd7 Be5 33. dxc8Q+ Bxc8 34. Qg6 Bd7 35. Nxa7 1-0

[Event "Titled Tuesday intern op 19th Sep Late"]
[Site "Chess.com INT"]
[Date "2023.09.19"]
[Round "4"]
[White "Bueno, Alfeu Varela Jr"]
[Black "Eugene, Floryan"]
[Result "0-1"]
[WhiteElo "2135"]
[BlackElo "2426"]
[PlyCount "182"]
[EventDate "2023.09.19"]
[EventType "swiss (blitz)"]
[EventRounds "11"]
[EventCountry "USA"]
[SourceTitle "EXT 2024"]
[Source "ChessBase"]
[SourceDate "2023.10.10"]
[SourceVersion "1"]
[SourceVersionDate "2023.10.10"]
[SourceQuality "1"]

1. e4 g6 2. Nc3 Bg7 3. f4 c5 4. Nf3 Nc6 5. Bb5 d6 6. Bxc6+ bxc6 7. d3 e6 8. 0-0 Ne7 9. e5 d5 10. Na4 Qa5 11. c4 0-0 12. b3 Rd8 13. Qe2 Nf5 14. Ba3 Bf8 15. Rac1 Ba6 16. g4 Nd4 17. Qf2 dxc4 18. dxc4 Nxf3+ 19. Qxf3 Rd2 20. Qc3 Qxc3 21. Nxc3 Rad8 22. Rcd1 R2d4 23. h4 Rd3 24. Kg2 Be7 25. Rxd3 Rxd3 26. Rf3 Rd2+ 27. Rf2 Rd3 28. Rf3 Rd4 29. Bc1 h5 30. g5 Kf8 31. Be3 Rd3 32. Bc1 Rd7 33. Kf2 Bd8 34. Ke2 Bb6 35. Rd3 Rd4 36. Be3 Ke7 37. Bxd4 cxd4 38. Na4 c5 39. Nxb6 axb6 40. Kd2 Bb7 41. Rg3 Be4 42. Rg1 Kd7 43. Ra1 Kc6 44. a3 b5 45. Rc1 bxc4 46. bxc4 Kb6 47. Ra1 Ka5 48. Kc1 Bd3 49. Kb2 Bxc4 50. Rc1 Kb5 51. a4+ Kb4 52. a5 Ba6 53. Kc2 c4 54. Kd2 c3+ 55. Kd1 d3 56. Rb1+ Kxa5 57. Rb3 c2+ 58. Kd2 Bc4 59. Rb7 Ka4 60. Rxf7 Ka3 61. Rb7 Bb3 62. Rc7 Kb2 63. Rc5 Ba4 64. Rc3 Bb5 65. Rc8 Ba4 66. Rc3 Bb3 67. Rc7 Bd5 68. Rc3 Ba8 69. Rc7 Kb3 70. Rc3+ Kb2 71. Rc8 Bd5 72. Rc7 Kb3 73. Rc3+ Kb2 74. Rc5 Be4 75. Rb5+ Ka3 76. Rc5 Kb3 77. Rc3+ Kb2 78. Rc7 Bd5 79. Rc5 Kb3 80. Rc3+ Kb2 81. Rc8 Ka3 82. Rb8 Bc4 83. Rc8 Kb3 84. Rb8+ Ka3 85. Rc8 Bb5 86. Rc5 Kb4 87. Rc7 Bc4 88. Rc8 Kb3 89. Rc7 Ka4 90. Rxc4+ Kb3 91. Rc7 Kb2 0-1

[Event "Titled Tuesday intern op 19th Sep Late"]
[Site "Chess.com INT"]
[Date "2023.09.19"]
[Round "11"]
[White "Eugene, Floryan"]
[Black "Troff, Kayden W"]
[Result "1-0"]
[WhiteElo "2426"]
[BlackElo "2483"]
[PlyCount "151"]
[EventDate "2023.09.19"]
[EventType "swiss (blitz)"]
[EventRounds "11"]
[EventCountry "USA"]
[SourceTitle "EXT 2024"]
[Source "ChessBase"]
[SourceDate "2023.10.10"]
[SourceVersion "1"]
[SourceVersionDate "2023.10.10"]
[SourceQuality "1"]

1. d4 Nf6 2. Bg5 d5 3. Nd2 Nbd7 4. e3 e5 5. dxe5 Nxe5 6. Ngf3 Ng6 7. Bd3 Be7 8. c4 0-0 9. 0-0 Be6 10. cxd5 Qxd5 11. Bc4 Qd7 12. Bxe6 Qxe6 13. Nd4 Qd5 14. N2f3 h6 15. Bxf6 Bxf6 16. Rc1 c6 17. Qa4 Ne5 18. Nxe5 Qxe5 19. b3 a5 20. Qc4 Rfc8 21. a4 Rd8 22. Rfd1 Qe7 23. g3 Rd5 24. Nf3 Rad8 25. Rxd5 Rxd5 26. Kg2 Rd7 27. Qc5 Qe4 28. Qxa5 g5 29. Rc4 Qb1 30. Nd4 Bxd4 31. Rxd4 Rxd4 32. exd4 Qxb3 33. Qd8+ Kg7 34. a5 Qb5 35. h3 Qd5+ 36. Qxd5 cxd5 37. Kf3 Kf6 38. Ke3 Ke6 39. Kd3 Kd6 40. Kc3 Kc6 41. Kb4 f5 42. f4 gxf4 43. gxf4 Kd6 44. Kb5 Kc7 45. Kc5 Kb8 46. Kb6 Ka8 47. Kc5 Ka7 48. Kxd5 Ka6 49. Ke6 Kxa5 50. d5 b5 51. d6 b4 52. d7 b3 53. d8Q+ Kb4 54. Qd1 Kc3 55. Qb1 b2 56. Kd5 Kd2 57. Kc4 Ke3 58. Kc3 Kxf4 59. Qxb2 Kg3 60. Qc1 f4 61. Qf1 f3 62. Kd4 h5 63. Ke4 h4 64. Qxf3+ Kh2 65. Qf2+ Kxh3 66. Qe2 Kg3 67. Qf3+ Kh2 68. Ke3 h3 69. Ke2 Kg1 70. Qg3+ Kh1 71. Qxh3+ Kg1 72. Qg3+ Kh1 73. Qf3+ Kg1 74. Kd2 Kh2 75. Qg4 Kh1 76. Ke2 1-0

[Event "Titled Tuesday intern op 19th Sep Late"]
[Site "Chess.com INT"]
[Date "2023.09.19"]
[Round "6"]
[White "Jarocka, Liwia"]
[Black "Eugene, Floryan"]
[Result "1/2-1/2"]
[WhiteElo "2208"]
[BlackElo "2426"]
[PlyCount "126"]
[EventDate "2023.09.19"]
[EventType "swiss (blitz)"]
[EventRounds "11"]
[EventCountry "USA"]
[SourceTitle "EXT 2024"]
[Source "ChessBase"]
[SourceDate "2023.10.10"]
[SourceVersion "1"]
[SourceVersionDate "2023.10.10"]
[SourceQuality "1"]

1. e4 g6 2. d4 Bg7 3. c4 c5 4. Nf3 Qb6 5. Nc3 cxd4 6. Nd5 Qa5+ 7. b4 Qd8 8. Nxd4 Nf6 9. Nxf6+ Bxf6 10. Bb2 0-0 11. Be2 d6 12. 0-0 Bd7 13. a3 Na6 14. Rc1 Rc8 15. Kh1 Nc7 16. f4 Bg7 17. Ba1 a5 18. Bf3 axb4 19. axb4 Na6 20. Qe1 e5 21. Ne2 b5 22. cxb5 Bxb5 23. Rxc8 Qxc8 24. Qd2 Qc4 25. Qxd6 Qxb4 26. Qxb4 Nxb4 27. Bxe5 Bxe5 28. fxe5 Nd3 29. Rb1 Ba6 30. Rb6 Ra8 31. e6 fxe6 32. h3 Ne5 33. Nd4 Nxf3 34. Nxf3 Bc4 35. Ng5 Ra1+ 36. Kh2 Ra2 37. Nxe6 Bf1 38. Nf4 g5 39. Kg1 Ra1 40. Nd5 Bd3+ 41. Kh2 Kg7 42. Rb7+ Kg6 43. Ne7+ Kf6 44. Ng8+ Ke5 45. Rxh7 Bxe4 46. Re7+ Kd4 47. Nf6 Ba8 48. Rd7+ Ke5 49. Ng4+ Kf4 50. Rf7+ Ke4 51. Rf2 Ra3 52. Re2+ Kf5 53. Rf2+ Kg6 54. Re2 Rb3 55. Ne5+ Kf5 56. Nf3 Bxf3 57. gxf3 Rxf3 58. Kg2 Rf4 59. Rf2 Rxf2+ 60. Kxf2 Kg6 61. Kg3 Kh5 62. Kg2 g4 63. hxg4+ Kxg4 1/2-1/2

[Event "Titled Tuesday intern op 08th Aug Late"]
[Site "Chess.com INT"]
[Date "2023.08.08"]
[Round "3"]
[White "Eugene, Floryan"]
[Black "Terry, Renato"]
[Result "0-1"]
[WhiteElo "2414"]
[BlackElo "2520"]
[PlyCount "134"]
[EventDate "2023.08.08"]
[EventType "swiss (blitz)"]
[EventRounds "11"]
[EventCountry "USA"]
[SourceTitle "EXT 2024"]
[Source "ChessBase"]
[SourceDate "2023.10.10"]
[SourceVersion "1"]
[SourceVersionDate "2023.10.10"]
[SourceQuality "1"]

1. e4 e6 2. d3 d5 3. Qe2 Be7 4. Nf3 c5 5. g3 Nc6 6. Bg2 d4 7. 0-0 e5 8. a4 h5 9. Na3 h4 10. Nc4 Bf6 11. c3 h3 12. Bh1 Bg4 13. a5 Nge7 14. Qc2 Qd7 15. Qa4 0-0 16. cxd4 cxd4 17. b4 Ng6 18. b5 Nce7 19. Ba3 Rfd8 20. Rfc1 Bh5 21. Bd6 Qe6 22. Bc7 Rd7 23. b6 a6 24. Ncd2 Bg4 25. Qc4 Re8 26. Ne1 Bg5 27. Ra2 Qxc4 28. Rxc4 Be6 29. Nef3 Bxd2 30. Nxd2 Bxc4 31. Nxc4 Nc6 32. Bf3 Rxc7 33. bxc7 Rc8 34. Bg4 Rxc7 35. Bxh3 Nb4 36. Ra3 Nxd3 37. Ra4 Nc5 38. Rb4 Nxe4 39. Bf5 Nc5 40. Bxg6 fxg6 41. Nxe5 d3 42. Rd4 Nb3 43. Rxd3 Nxa5 44. Nxg6 Nc4 45. h4 a5 46. Rd8+ Kf7 47. h5 a4 48. Ra8 b5 49. f4 a3 50. g4 b4 51. g5 Ke6 52. h6 gxh6 53. gxh6 b3 54. h7 Rxh7 55. Nf8+ Kf5 56. Nxh7 b2 57. Rb8 a2 58. Rb5+ Kg6 59. Nf8+ Kf7 60. Nd7 b1Q+ 61. Rxb1 axb1Q+ 62. Kg2 Qe4+ 63. Kg3 Qd3+ 64. Kg4 Qxd7+ 65. Kg5 Ne3 66. f5 Qxf5+ 67. Kh6 Qg6# 0-1

[Event "Titled Tuesday intern op 27th Jun Early"]
[Site "Chess.com INT"]
[Date "2023.06.27"]
[Round "1"]
[White "Eugene, Floryan"]
[Black "Adireddy, Arjun"]
[Result "1-0"]
[WhiteElo "2380"]
[BlackElo "1968"]
[PlyCount "93"]
[EventDate "2023.06.27"]
[EventType "swiss (blitz)"]
[EventRounds "11"]
[EventCountry "USA"]
[SourceTitle "EXT 2024"]
[Source "ChessBase"]
[SourceDate "2023.10.10"]
[SourceVersion "1"]
[SourceVersionDate "2023.10.10"]
[SourceQuality "1"]

1. e4 c5 2. Nf3 Nc6 3. Nc3 e6 4. d4 cxd4 5. Nxd4 Qc7 6. Be3 Nf6 7. Qf3 Bb4 8. Ndb5 Qb8 9. Bf4 e5 10. Bg5 Be7 11. Bxf6 Bxf6 12. Nd5 Bd8 13. Qa3 Ba5+ 14. c3 Kd8 15. Nd6 Bb4 16. Nxf7+ Ke8 17. Nxb4 Kxf7 18. Bc4+ Ke8 19. Nd5 d6 20. 0-0-0 Rf8 21. Rd2 Bd7 22. Rhd1 Kd8 23. Bb5 a6 24. Nb6 axb5 25. Nxa8 b4 26. cxb4 Nd4 27. Qa5+ Ke7 28. Nb6 Qc7+ 29. Kb1 Be6 30. Rxd4 exd4 31. Qg5+ Ke8 32. Nd5 Bxd5 33. exd5 Rxf2 34. Re1+ Kf8 35. Rc1 Qd7 36. Qg3 Qf5+ 37. Ka1 Qf7 38. Qxd6+ Kg8 39. Rc8+ Qf8 40. Rxf8+ Rxf8 41. a4 Rf1+ 42. Ka2 d3 43. Qe6+ Kf8 44. Qc8+ Kf7 45. Qxb7+ Kf6 46. Qa6+ Ke5 47. Qxd3 1-0

[Event "Titled Tuesday intern op 27th Jun Early"]
[Site "Chess.com INT"]
[Date "2023.06.27"]
[Round "4"]
[White "Eugene, Floryan"]
[Black "Bachmann, Axel"]
[Result "0-1"]
[WhiteElo "2380"]
[BlackElo "2604"]
[PlyCount "126"]
[EventDate "2023.06.27"]
[EventType "swiss (blitz)"]
[EventRounds "11"]
[EventCountry "USA"]
[SourceTitle "EXT 2024"]
[Source "ChessBase"]
[SourceDate "2023.10.10"]
[SourceVersion "1"]
[SourceVersionDate "2023.10.10"]
[SourceQuality "1"]

1. b3 d5 2. Bb2 Bg4 3. g3 Nd7 4. Bg2 Ngf6 5. Nf3 e6 6. 0-0 Bd6 7. c4 0-0 8. d3 a5 9. a3 c6 10. Nbd2 Qe7 11. e4 dxe4 12. Nxe4 Nxe4 13. dxe4 Be5 14. Qc2 Bxf3 15. Bxf3 Rfd8 16. Bg2 Bxb2 17. Qxb2 Qf6 18. Qxf6 gxf6 19. b4 Ne5 20. b5 Nxc4 21. bxc6 bxc6 22. Rfc1 Rd4 23. Bf1 Nd2 24. Rxc6 Nxe4 25. Bg2 Rad8 26. Bxe4 Rxe4 27. Ra6 Rd5 28. Kf1 Ra4 29. Ra7 f5 30. Kg2 f4 31. g4 Rd3 32. Rc1 Rd8 33. Rcc7 Rf8 34. Rc5 Rxa3 35. Rg5+ Kh8 36. Rgxa5 Rd3 37. Ra4 e5 38. R4a5 f6 39. Re7 Rg8 40. h3 h5 41. Raa7 Rg6 42. Re8+ Rg8 43. Ree7 Rg6 44. Rh7+ Kg8 45. Rxh5 Rd8 46. Rhh7 Re8 47. Rhe7 Rxe7 48. Rxe7 Kf8 49. Ra7 f5 50. Kf3 Rg5 51. Ra5 Kf7 52. Rxe5 fxg4+ 53. hxg4 Rxe5 54. Kxf4 Ra5 55. Kg3 Kg6 56. f4 Ra4 57. Kf3 Ra3+ 58. Ke4 Rg3 59. g5 Rg1 60. Ke5 Re1+ 61. Kd6 Kf5 62. g6 Re6+ 63. Kd7 Rxg6 0-1

[Event "Titled Tuesday intern op 27th Jun Early"]
[Site "Chess.com INT"]
[Date "2023.06.27"]
[Round "9"]
[White "Eugene, Floryan"]
[Black "Belov, Alexei"]
[Result "1-0"]
[WhiteElo "2380"]
[BlackElo "2421"]
[PlyCount "91"]
[EventDate "2023.06.27"]
[EventType "swiss (blitz)"]
[EventRounds "11"]
[EventCountry "USA"]
[SourceTitle "EXT 2024"]
[Source "ChessBase"]
[SourceDate "2023.10.10"]
[SourceVersion "1"]
[SourceVersionDate "2023.10.10"]
[SourceQuality "1"]

1. d4 e6 2. c4 d5 3. Nc3 Be7 4. Nf3 Nf6 5. Bg5 Nbd7 6. e3 0-0 7. cxd5 exd5 8. Bd3 c6 9. 0-0 Re8 10. Qc2 Nf8 11. h3 Ng6 12. Ne5 Nd7 13. Bxe7 Qxe7 14. f4 Ngf8 15. Rae1 f6 16. Nf3 Nb6 17. f5 Bd7 18. Qb3 Qf7 19. Nd2 Re7 20. a4 Rae8 21. Rf3 h6 22. a5 Nc8 23. e4 Nd6 24. Qb4 Nxf5 25. Ref1 Nh4 26. Rg3 Kh8 27. e5 f5 28. Ne2 Ne6 29. Nf3 Qh5 30. Qd2 Rf8 31. Nf4 Nxf4 32. Qxf4 g5 33. Nxg5 hxg5 34. Rxg5 Qh6 35. Be2 Rg7 36. Rh5 Qxh5 37. Bxh5 Nxg2 38. Qh6+ Kg8 39. Kh2 f4 40. Rg1 f3 41. Bxf3 Rxf3 42. e6 Rf2 43. exd7 Nf4+ 44. Kh1 Rxg1+ 45. Kxg1 Rg2+ 46. Kf1 1-0

[Event "Titled Tuesday intern op 27th Jun Early"]
[Site "Chess.com INT"]
[Date "2023.06.27"]
[Round "6"]
[White "Eugene, Floryan"]
[Black "Gharibyan, Mamikon"]
[Result "1-0"]
[WhiteElo "2380"]
[BlackElo "2500"]
[PlyCount "73"]
[EventDate "2023.06.27"]
[EventType "swiss (blitz)"]
[EventRounds "11"]
[EventCountry "USA"]
[SourceTitle "EXT 2024"]
[Source "ChessBase"]
[SourceDate "2023.10.10"]
[SourceVersion "1"]
[SourceVersionDate "2023.10.10"]
[SourceQuality "1"]

1. b3 g6 2. Bb2 Nf6 3. Bxf6 exf6 4. c4 f5 5. Nc3 Bg7 6. Rc1 0-0 7. g3 c6 8. Bg2 a6 9. e3 b5 10. c5 a5 11. d4 Ba6 12. Nge2 d6 13. cxd6 Qxd6 14. 0-0 Nd7 15. Nf4 Rac8 16. Qe2 Rfe8 17. Rfd1 Qb8 18. Qd2 c5 19. Ncd5 b4 20. h4 h5 21. a3 Bb7 22. axb4 cxb4 23. Rxc8 Qxc8 24. Rc1 Qd8 25. Nc7 Bxg2 26. Nxe8 Be4 27. Nd6 Bf8 28. Nxe4 fxe4 29. Qc2 Nf6 30. Qc7 Qe8 31. Qc6 Qd8 32. Qc7 Qe8 33. Qxa5 Ng4 34. Qa6 Kg7 35. Rc7 Be7 36. Qb7 Bd8 37. Rd7 1-0

[Event "Titled Tuesday intern op 20th Jun Early"]
[Site "Chess.com INT"]
[Date "2023.06.20"]
[Round "7"]
[White "Chigaev, Maksim"]
[Black "Eugene, Floryan"]
[Result "1-0"]
[WhiteElo "2617"]
[BlackElo "2380"]
[PlyCount "107"]
[EventDate "2023.06.20"]
[EventType "swiss (blitz)"]
[EventRounds "11"]
[EventCountry "USA"]
[SourceTitle "EXT 2024"]
[Source "ChessBase"]
[SourceDate "2023.10.10"]
[SourceVersion "1"]
[SourceVersionDate "2023.10.10"]
[SourceQuality "1"]

1. e4 c5 2. Nf3 Nc6 3. Bb5 g6 4. 0-0 Bg7 5. Re1 e5 6. Bxc6 dxc6 7. d3 Qe7 8. a4 Nf6 9. Na3 0-0 10. Nc4 Nd7 11. a5 Rd8 12. Bg5 f6 13. Be3 Nf8 14. Qb1 Be6 15. Nfd2 Bf7 16. c3 Ne6 17. b4 cxb4 18. cxb4 Bf8 19. Ra2 Nd4 20. Rb2 Qd7 21. h3 Nb5 22. Rb3 Be6 23. Rc1 Qf7 24. Nf3 Rd7 25. Rb2 Rad8 26. Rd2 h5 27. Ncxe5 fxe5 28. Nxe5 Qg7 29. Nxd7 Rxd7 30. d4 Qe7 31. Rc5 Bg7 32. d5 Bf7 33. Qc1 Qxe4 34. dxc6 Rxd2 35. cxb7 Qxb7 36. Qxd2 a6 37. Qd8+ Kh7 38. Qd3 Qe7 39. Rxh5+ Kg8 40. Rc5 Bf8 41. Rc6 Qxb4 42. Rxg6+ Bxg6 43. Qxg6+ Bg7 44. Qe6+ Kh8 45. g3 Qd6 46. Qc8+ Kh7 47. Qf5+ Qg6 48. Qd5 Nc3 49. Qb7 Ne4 50. Kg2 Nf6 51. Qxa6 Qe4+ 52. Kg1 Qb1+ 53. Qf1 Qb5 54. Qxb5 1-0